[Event "FIDE-Wch k.o."]
[Site "Tripoli"]
[Date "2004.06.20"]
[Round "1.4"]
[White "Tiviakov, Sergei"]
[Black "Sargissian, Gabriel"]
[Result "1-0"]
[WhiteElo "2593"]
[BlackElo "2614"]
[Annotator "Lukacs,P"]
[PlyCount "57"]
[EventDate "2004.06.19"]
[EventType "k.o."]
[EventRounds "7"]
[EventCountry "LBY"]
[SourceTitle "CBM 102"]
[Source "ChessBase"]
[SourceDate "2004.09.23"]
[SourceVersion "1"]
[SourceVersionDate "2004.09.23"]
[SourceQuality "1"]

1. e4 e5 2. Nf3 Nc6 3. Bc4 Bc5 4. c3 Nf6 5. d3 d6 6. Bb3 a6 7. h3 Ba7 8. Nbd2
O-O 9. Nf1 d5 10. Qe2 (10. Ng3 {allows Black to exchange queens, after which
the tension disappears.} dxe4 11. dxe4 Qxd1+ 12. Bxd1 h6 {/\ Be6} 13. O-O Be6
14. b3 Rfd8 15. Bc2 a5 16. Bb2 a4 17. Rad1 Rxd1 18. Rxd1 Bb6 $11 {V.Atlas-Z.
Almasi, AUT-chT Austria 1997}) (10. exd5 {gives up the [+] without getting
anything for that.} Nxd5 11. Ng3 Be6 12. O-O f6 13. Qe2 Re8 14. Qe4 Qd7 15. Bd2
Rad8 16. Rad1 Qf7 $13 {Kofidis-Stefansson, Athens op 1993}) 10... dxe4 (10...
d4 11. g4 $6 {Since Black didn't commit his >> by h6, this push is
overoptimistic.} Nd7 $1 {/\ Nc5 finding a counterplay in the [+] against
White's flank ->.} 12. Ng3 Nc5 13. Bc2 (13. Bd5 dxc3 14. bxc3 Ne7 $17) 13... b5
{/\ dxc3 and b4 getting control over the vital d4 square.} 14. Nf5 {[#]} dxc3
$1 15. bxc3 b4 $1 {This is the typical strategy in this P structure. White has
created only weaknesses, he has no chance for an -> on the >>. See
Maiorov-Lastin, Krasnodar 2002 CBM 91.}) (10... Re8 11. Bg5 (11. Ng3 h6 12. O-O
Be6 $11 {and although White has spared Re1, this is not a big deal.}) (11. g4
$5 Be6 12. Bg5 (12. Ng3 Na5) 12... dxe4 13. dxe4 Bxb3 14. axb3 Qd6 15. Ng3 Nd7
$11 {- And.Rodriguez-Diego, Najdorf final K.O. CBM 79}) 11... dxe4 12. dxe4 Be6
13. Ng3 h6 14. Rd1 Qe7 15. Bc1 Rad8 {and Black has finished comfortably his
development.} 16. O-O Rxd1 17. Rxd1 Rd8 $11 {Nevednichy-Mannion, Moscow ol 
(Men) 1994}) (10... h6 {is again strongly met by} 11. g4 $1 dxe4 12. dxe4 Be6
13. g5 $5 $13 (13. Ng3 $6 Nd7 {(Rossi-Bykhovsky, Reggio Emilia 1981)} {and
still} 14. g5 $1 {is required.})) ({On} 10... Be6 11. Ng5 {is critical} (11.
Ng3 Na5 $1 (11... Qd6 {- 10..Qd6}) 12. Bc2 dxe4 13. dxe4 Bc4 14. Qd2 Qxd2+ 15.
Nxd2 Be6 $11 {Vorobiov-Diu, ch-RUS 2002}) (11. Bg5 dxe4 12. dxe4 Bxb3 13. axb3
Qd6 14. Ng3 Qe6 15. b4 Ne8 16. O-O f6 17. Be3 Bxe3 18. fxe3 {Having two
doubled pawns White's position cannot be better.} Nd6 19. Rf2 a5 20. bxa5 Nxa5
21. Nh4 g6 22. Raf1 Nb3 23. Qc2 Ra1 24. Nf3 Rxf1+ 25. Nxf1 Nc5 26. N3d2 b5 27.
Kh2 {1/2-1/2 Movsesian-Topalov, Tripoli 2004})) (10... Qd6 11. Ng3 d4 (11...
Be6 12. Ng5 {The exchange of this B is usually favourable for White especially
for the N.} Ne7 13. O-O Ng6 14. Nh5 Nd7 15. Nxe6 fxe6 16. Be3 Nf6 17. Nxf6+
Rxf6 18. Bxa7 Rxa7 19. g3 c6 20. d4 Rf7 21. Rae1 $14 {Macieja-Acs, Budapest
FS02 GM 1996}) 12. O-O Be6 $142 (12... Bd7 {This is not the right place for
the B.} 13. Nh4 Ne7 14. Kh2 dxc3 15. bxc3 Bb5 16. Bc2 Rfd8 17. Rd1 {and Black
cannot emphasise the pressure on >< d3.} Qc5 18. a4 Qxc3 19. Ra3 Qc5 20. axb5
$16 {Jaracz-Krasenkov, POL-ch 58th Warsaw 2001}) 13. Nh4 Ne7 14. Bg5 Ne8 15.
cxd4 Bxd4 16. Bxe7 Qxe7 17. Nhf5 Qd7 18. Bxe6 fxe6 19. Nxd4 Qxd4 {>< d3} 20.
Qc2 Rd8 21. Qb3 Qb6 $11 {Macieja-I.Sokolov, Elista ol 1998}) 11. dxe4 Qe7 $143
{Black is not afraid of the doubled pawns, because then he covers >< d5 and f5
and opens the f <->.} (11... Be6 {Black is not afraid of the doubled pawns,
because then he covers >< d5 and f5 and opens the f <->.} 12. Ng3 Qd7 (12...
Qc8 13. O-O (13. Bg5 Ne8 {/\ Nd6} 14. Bd5 f6 15. Be3 Bxe3 16. Qxe3 Nd6 $13)
13... Ne8 {/\ Nd6} 14. Bc2 Nd6 15. b3 f6 {/\ Ne7-g6 improving the bad knight's
position.} 16. Kh2 Ne7 17. Nh4 Rd8 (17... g5 $6 {unnecessarily weakens >< f5.}
18. Nhf5 Nexf5 19. exf5 Bf7 20. Ba3 $14 {Mamedov-Filippov, Cannes 1997})) 13.
Bg5 Ne8 (13... Bxb3 $6 {is met by the intermediate move} 14. Bxf6 $1 gxf6 15.
axb3 Qe6 16. Nf5 Kh8 17. b4 Rg8 {(Stepovaia Dianchenko-Stjazhkina, RUS-ch 
(Women) 2000)} 18. O-O $14 {with a wonderful N on f5.}) 14. Rd1 (14. Bxe6 Qxe6
15. O-O f6) 14... Nd6 $11) (11... h6 $143 {is again met by the standard} 12. g4
$5 (12. Be3 Bxe3 $11)) (11... Nh5 $5 {fighting against Ng3} 12. g3 (12. N1h2
Nf4) (12. Bg5 Qd6 13. Rd1 Qg6 14. g3 Nf6 15. Bc2 Be6 16. b3 Rfd8 $13 {
Berzins-Paldanius, Tempere op 1999}) 12... Nf6 {The N has done his job.} 13. g4
(13. Bc2 Qe7 14. Be3 Rd8 15. Bxa7 Rxa7 16. Ne3 g6 17. Nd2 Be6 18. f4 exf4 19.
gxf4 Raa8 {and White has to play cautiously because of his weakened pawns.} 20.
Qf2 Re8 $13 {Jaracz-Narciso Dublan, EU-ch 2nd Ohrid 2001}) (13. Bg5 h6 14. Rd1
Qe7 $11) 13... Nd7 (13... Qe7 14. Ne3 (14. Bg5 Rd8 15. Ng3 (15. Ne3 Bxe3 $1 {
This is a typical exchange here.} 16. Qxe3 Be6) 15... h6 $11) 14... Bxe3 $1 15.
Bxe3 Be6 $11 {and White has to give up the ^^, or go to a passive place with
his B.}) 14. Ne3 Nc5 15. Bc2 Ne6 {trying to exploit the weakness of >< f4.} (
15... a5 $6 {is rather useless here.} 16. O-O $14 {Gonzales-Gomez, CUB-ch
Holguin City 2002CBM 89}) 16. Nd5 (16. Nf5) 16... Re8 17. Be3 Bxe3 18. fxe3 {
defending >< f4, but ruining the P structure.} Nb8 19. Nxe5 c6 $1 (19... Nc5 {
(Komliakov-Nikolenko, Moscow 1990)} 20. O-O-O $1 Rxe5 21. Nb6 Bd7 22. Nxa8 Nc6
23. b4 Nxe4 24. Rhf1 $16) 20. Nf4 Nc5 $44) (11... Re8 {- 10...Re8}) 12. Ng3
$142 $146 (12. Ne3 Be6 13. Bc2 {White wants to keep the tension, but the
exchange of the light-squared B is strategically good for him.} Rad8 (13... h6
14. g4 $5) 14. Ng5 Bc8 15. O-O h6 16. Nf3 Be6 {and now the advance on the >>
is not dangerous anymore.} 17. Nh2 {/\ Qf3, Nf5, Ng4 is the typical plan for
White.} Rfe8 18. Qf3 Qf8 19. Nf5 Nh7 20. h4 Ne7 21. h5 {This irreversibily
weakens the dark squares.} Nxf5 22. exf5 Bd5 23. Qg3 Kh8 24. Ng4 f6 25. Ne3 Bf7
$11 {Komliakov-Frolov, Seversk 1997}) 12... Be6 13. Bc2 (13. Bg5 h6 $11) 13...
Rfe8 (13... Rad8 14. Nh4 {/\ Nhf5 which is one of the main threats in this
structure.} Qc5 15. Nhf5 Bc4 16. Qf3 $36) (13... b5 14. Nh4 Bc4 15. Qf3 $16 {
and White has achieved what he wanted.}) 14. Nh4 $1 {The target is >< f5.} Qf8
(14... Qc5 $5 {Playing} 15. Bg5 $1 {first looks more precise} ({The immediate} 
15. Nhf5 {allows Black simplifications after} Ne7 $1 16. Bg5 Nxf5 17. Nxf5 (17.
exf5 Bc4) 17... Qb6 18. Bxf6 (18. O-O Bxf5 19. exf5 Qxb2) 18... Bxf5) 15... Bc4
(15... Nd7 16. Nhf5 $14) 16. Qf3 Re6 17. Nhf5 $14) 15. Nhf5 Ne7 (15... Bxf5 16.
Nxf5 {Now White has the ^^.} (16. exf5 Nd4 $1) 16... Ne7 17. Bg5 Nxf5 18. exf5
(18. Bxf6 {is answered by the intermediate move} Nd4 $1) 18... Qd6 19. O-O h6
20. Rad1 Qc6 21. Bxf6 Qxf6 22. Qe4 {White has some additional chances because
of the ^-, the B is strong on the a2-g8 /^.} Rab8 23. Rd7 Bb6 24. Rfd1 $14) 16.
Bg5 Bxf5 $2 {Now White gets the ^^ and the better P structure, the /^ of the
c2 B becomes longer.} (16... Nxf5 17. exf5 (17. Nxf5 Bxf5 18. exf5 {- 15...Bf5}
) 17... Bd5 18. Bxf6 gxf6 19. Be4 c6 {and it is not easy to gain a total
control over >< e4.}) 17. exf5 Ned5 (17... Nfd5 18. O-O-O $16) 18. O-O-O $1 $16
{With opposite castled kings White can attack on the >>.} h6 19. Bh4 Qc5 (19...
c6 20. Ne4 Nxe4 21. Qxe4 $16) 20. Ne4 Qc6 (20... Nxe4 21. Qxe4 c6 22. Bb3 $16)
21. Bb3 {All the white pieces are well-placed.} Nf4 $5 22. Nxf6+ Qxf6 23. Qg4
Qc6 24. f6 $1 {Now White's -> looks already too strong.} Qxg2 $2 {This loses
quickly.} (24... g6 25. Rd7 Ne6 26. Rhd1 $16 {was not rosy either.}) 25. Bg3
$18 g5 26. Qd7 (26. Bxf4 $1 {was even more direct.} Qxg4 27. hxg4 exf4 28. Rxh6
Bxf2 29. Rg6+ Kf8 30. Rg7 $18) 26... Rf8 $2 (26... Ne2+ 27. Kb1 Qe4+ 28. Ka1
Qg6 29. Qxc7 Qxf6 30. Qxb7 Bc5 31. Qe4 Nxg3 32. fxg3 $16 {>< f7}) 27. Bxf4 {
Now the game is over.} exf4 28. Qf5 $1 Rfd8 29. Qg6+ 1-0

[Event "NED-ch59"]
[Site "Leeuwarden"]
[Date "2004.07.08"]
[Round "8"]
[White "Van den Doel, Erik"]
[Black "Sokolov, Ivan"]
[Result "0-1"]
[WhiteElo "2599"]
[BlackElo "2690"]
[Annotator "Lukacs,P"]
[PlyCount "114"]
[EventDate "2004.06.30"]
[EventType "tourn"]
[EventRounds "9"]
[EventCountry "NED"]
[EventCategory "12"]
[SourceTitle "CBM 102"]
[Source "ChessBase"]
[SourceDate "2004.09.23"]
[SourceVersion "1"]
[SourceVersionDate "2004.09.23"]
[SourceQuality "1"]

1. e4 e5 2. Nf3 Nc6 3. Bc4 Bc5 4. c3 Nf6 5. d4 exd4 6. cxd4 Bb4+ 7. Bd2 Bxd2+
8. Nbxd2 d5 9. exd5 Nxd5 10. Qb3 Nce7 {Black can fortify his stronghold on d5,
successfully blockading the isolated P.} (10... Na5 $5 11. Qa4+ Nc6 12. Qb3 {
is only a repetition of moves.}) 11. O-O O-O 12. Rfe1 c6 13. Ne4 Nb6 $142 (
13... Qb6 {is also playable, the _|_ can even be better for Black because of
the weakness of >< d4.} 14. Nc3 $142 $1 {White continues his fight against the
blockading square d5.} (14. Qa3 Bg4 $1 15. Ne5 Qxd4 $1 16. Nd6 Be6 17. Nxb7 Ng6
$1 $11 {and the active black pieces compensate the defect of the P structure
on the <<, Sveshnikov-Chekhov, Sochi 1983.}) 14... Qxb3 (14... Bg4 15. Bxd5
Nxd5 16. Nxd5 cxd5 17. Qxb6 axb6 18. Ne5 $14 {with a somewhat better P
structure and the N is worthier than the B.} (18. Re7 Rfc8 19. h3 Bxf3 20. gxf3
Rc2 $132 {and in the R _|_ Black has excellent chances for a draw,
Blauert-Ovsejevitsch, Budapest 2003.})) (14... Qd8 {allows White to change the
P structure for his favour.} 15. Bxd5 $1 cxd5 16. Re3 b6 17. Rae1 $14 {and
White has a pressure on the e <-> and against >< d5, Hmadi-Kaabi, Djerba 1998})
(14... Be6 15. Qxb6 axb6 16. Ng5 b5 17. Bb3 $14 {and Black cannot hold d5
anymore, Hmadi-Acs, Budapest 1995.}) 15. Bxb3 Be6 (15... Bg4 16. Nxd5 Nxd5 17.
Bxd5 cxd5 18. Re7 $14 {Makarichev} (18. Ne5 Be6)) (15... h6 16. Nxd5 Nxd5 17.
Bxd5 cxd5 18. Rac1 $14 (18. Re7 b6 19. Rc1 Be6 20. Ne5 Rfc8 21. Rcc7 Rxc7 22.
Rxc7 Rc8 23. Rxc8+ Bxc8 24. Nc6 Kf8 25. Nxa7 Bd7 {The N is trapped, White has
to give back the P.} 26. a4 Bxa4 27. Nc8 Bc6 28. Nxb6 Ke7 {The N is trapped
again...} 29. Nc8+ Kd7 30. Na7 Ba4 31. b3 Bxb3 {1/2-1/2 Onatsevich-Ovod,
Gatchina 2001})) 16. Ng5 Bd7 17. Nxd5 (17. Re5 h6 18. Nxd5 Nxd5 19. Ne4 Rad8
20. Nd6 Bc8 21. Nxc8 Rxc8 22. g3 (22. Bxd5 cxd5 23. Rxd5 Rc2 {The penetration
to the second rank is very uncomfortable for White.} 24. Rb5 b6 $132 {/\ Re8-e2
}) 22... Rfd8 23. Rc1 Kf8 24. Bxd5 cxd5 25. Rc5 b6 26. Rcxd5 Rxd5 27. Rxd5 Rc2
$132 {Bogoljubow-Euwe, Karlsbad 1941}) 17... Nxd5 18. Ne4 $5 $14 (18. Bxd5 cxd5
19. Re7 (19. Nf3 f6 20. Rac1 Rfe8 $11 {and Black can easily hold this _|_,
after the exchange of the rooks the K marches to d6.}) 19... Rad8 20. Nf3 f6
21. Rc1 Rc8 22. Rc5 Bc6 $11 {Keshav-Babu, Raipur 2002})) (13... h6 14. Ne5 Qb6
15. Rad1 $14 {Ugrinovic}) 14. Bd3 {+/= Makarichev} (14. Bxf7+ {cannot yield
any real for White.} Rxf7 15. Neg5 Nbd5 16. Nxf7 Kxf7 {White has only a R and
a P for two pieces, if Black can finish his development, he cannot be worse.}
17. Re2 Ng6 18. Rae1 Qf6 (18... b6 19. Ne5+ Nxe5 20. Rxe5 Bd7 21. Rxd5 cxd5 22.
Qxd5+ Kf8 23. Re4 Rc8 24. Rf4+ Ke7 25. Qg5+ Kd6 26. Qe5+ Kc6 27. Rf7 Kb7 28. h3
$44 {Zelcic,R-Golubovic,B/Rijeka 2001/CBM 80 ext}) 19. Ne5+ Nxe5 20. Rxe5 h6
$11) (14. Bf1 {The B is rather passive here.} Nf5 15. Rad1 Be6 16. Qa3 Nc4 17.
Qc3 Ncd6 18. Nc5 Bd5 19. Re5 b6 20. Na6 f6 21. Ree1 Rc8 22. Nb4 Qd7 23. Nxd5
cxd5 24. Qb3 Nc4 $11 {Tarrasch-Rubinstein, Berlin 1918}) 14... Ned5 (14... Bf5
$1 {is the clearest way for the equalization.} 15. Nc5 Bxd3 16. Qxd3 Rb8 17.
Qa3 Nec8 18. Rad1 Nd6 19. Ne5 Qc7 20. Qg3 Rbd8 $11 {Nay Oo Kyaw Tun-Stefanova,
Surabaya 2002}) 15. Nc5 $14 {Now the c8 B cannot find his place.} Rb8 16. Rac1
(16. Ne5 {looks rather aggressive.} Nf4 17. Rad1 Be6 (17... Nxd3 18. Qxd3 f6
19. Nc4 Nxc4 20. Qxc4+ $14) 18. Nxe6 fxe6 19. Be4 $14 {and the P structure
favours already for White.}) 16... Nf4 (16... Nf6 17. h3 {against Bg4 and also
for the safety of the K.} (17. Qa3 Ra8) 17... Qd6 18. Re5 $14) 17. Bb1 Qf6 18.
Ne5 (18. Qc2 Qh6 19. Ne5 Be6 $13) 18... Qg5 19. Qf3 f6 (19... Bh3 20. g3 Nfd5
21. Be4 Nf6 22. Bc2 $14 {/\ Bb3 in case.}) (19... Be6 20. g3 Nfd5 21. Rcd1 $14)
20. Ned3 Nbd5 21. Nxf4 Nxf4 22. h4 $1 Qh6 {Now the Q is out of play.} (22...
Qxh4 {runs into the pin after} 23. Re4 g5 24. Qb3+ Kh8 25. Re7 f5 {This
seriously weakens >< e5.} (25... Ng6 26. Rf7 Re8 27. g3 $16) 26. Qe3 $14) 23.
g3 Nd5 24. Be4 Nb6 25. Qb3+ Kh8 26. Qa3 (26. Bf3 Bh3 27. a4 $1 $16 {was the
logical continuation of the plan.}) 26... Ra8 27. Qe3 Qxe3 28. Rxe3 (28. fxe3
Rb8 29. b4 Re8 30. Bf3 $14 {can also be slightly better for White with some
minority attack plans on the <<.}) 28... Re8 29. Rce1 Nc4 30. R3e2 Nd6 {[#]}
31. Bd3 {chosing the wrong /^.} (31. Bf3 $1 Rxe2 (31... Rd8 {allows the
penetration to the 7-th rank after} 32. Re7) 32. Rxe2 Kg8 33. d5 $16 {and
Black still couldn't finish the development of the <<.}) 31... Rxe2 32. Rxe2
Kg8 $11 {Now Black is more or less OK.} 33. Bc2 b6 34. Bb3+ Kf8 35. Ne6+ Bxe6
36. Rxe6 Nf5 37. Rxc6 Nxd4 38. Rc7 Nxb3 39. axb3 {[%mdl 4096] The R _|_ looks
even slightly better for White due to his active R on the seventh rank.
However the roles will be changed soon.} Rd8 $1 {Black has to activate his
passive R.} 40. Rxa7 Rd3 41. Ra3 b5 42. b4 Rd4 43. Rb3 h5 {White is a P up,
but his R became very passive.} 44. Kg2 Kf7 45. Kf3 (45. f4 Ke6 46. Kf2 Kf5 47.
Kf3 Re4 48. Rc3 {White has to give up his extra P, but the draw is not far.}
Rxb4 49. b3 $11) 45... Rc4 46. Ke3 (46. Re3 Rxb4 47. b3 g5 48. hxg5 fxg5 49.
Kg2 Kf6 {and Black can try to continue the fight.}) (46. Kg2 g5 47. hxg5 fxg5 {
is similar to the previous note.}) 46... g5 $1 {Black wants to open the second
front giving White chances for a mistake.} 47. f4 $2 (47. hxg5 fxg5 48. f4 {
was enough for an equality.} gxf4+ (48... h4 49. gxh4 gxh4 (49... gxf4+ 50. Kf3
Kg6 51. Kg4 $11) 50. Kf3 $11) 49. gxf4 Ke6 50. Rd3 Rxb4 (50... h4 51. Kf3) 51.
b3 Kf5 52. Rd5+ Kg4 53. Rg5+ Kh4 54. Rg1 Rxb3+ 55. Ke4 $11 {and the active
white K and the strong o^ secure the draw.}) 47... gxh4 $1 48. gxh4 Kg6 $1 49.
Rc3 $1 (49. Rd3 Rxb4 50. b3 Kf5 $19) 49... Rxb4 50. Rc5 {Otherwise the black K
will penetrate.} Rb3+ 51. Ke4 Rxb2 {Black finally won the P, but the R _|_ is
usually drawish even without the P.} 52. f5+ Kh6 53. Rc6 (53. Kf3 Rb4 54. Kg3
Rg4+ 55. Kh3 b4 56. Rc6 (56. Rc7 $2 Rg7) 56... Kg7 57. Rc7+ Kf8 58. Rb7 Rd4 59.
Rb6 (59. Kg3 Ke8 60. Kh3 Kd8) 59... Kf7 (59... Ke7 60. Re6+ Kf7 61. Rb6) 60.
Kg3 Re4 $1 61. Kh3 Ke7 62. Kg3 $11) 53... Rb4+ $1 {[#]} 54. Kf3 $4 {Now White
loses the second P.} (54. Kd5 $1 {The K must be active in the R _|_!} Rxh4 55.
Rxf6+ Kg5 56. Rf8 Rh2 (56... b4 57. Ke5 $1) 57. f6 $1 Kf5 $1 (57... Kg6 58. Ke5
Re2+ 59. Kf4 b4 60. Rb8 Rf2+ 61. Kg3 Rb2 62. Rb5 Kxf6 63. Rxh5 Ke6 64. Kf3 $11)
58. f7 (58. Kc5 Rc2+ 59. Kxb5 Kg6 60. f7 Rf2) 58... Kf6 59. Rb8 Kxf7 60. Rxb5
Re2 61. Kd4 Kg6 62. Kd3 Re8 63. Rb2 {/\ Re2} Kg5 64. Re2 {and White arrives
back just in time!} Rf8 65. Ke3 Kg4 66. Rg2+ Kh3 67. Rg7 $11) 54... Rxh4 $19
55. Rxf6+ Kg5 56. Rg6+ (56. Rb6 Rf4+ $19) 56... Kxf5 57. Rb6 Rb4 0-1